|
|
|
|
| LEADER |
00000nam a2200000 a 4500 |
| 001 |
vtls001262350 |
| 003 |
SK-MaSNL |
| 005 |
20260301234524.0 |
| 008 |
251113s1958 xo 0 slo |
| 035 |
|
|
|a SNK000213236
|
| 040 |
|
|
|a SNK
|b slo
|c SNK
|e AACR2
|
| 044 |
|
|
|a xo
|c SK
|
| 080 |
|
|
|a 531.72(076.5)
|2 1981
|
| 100 |
1 |
|
|a Beňa, Ján
|4 aut
|9 377496
|
| 245 |
1 |
|
|a Meranie polomeru guľových plôch s ferometrom
|c Ján Beňa
|
| 260 |
|
|
|a Bratislava
|b SVTL
|c 1958
|
| 300 |
|
|
|a 6 s.
|c 8°
|
| 490 |
1 |
|
|a Návody pre praktické cvičenia z fyziky
|v č. 3
|
| 650 |
0 |
7 |
|a plochy guľové
|x meranie polomeru
|x cvičenia praktické
|2 SNK
|9 630663
|
| 830 |
|
0 |
|a Návody pre praktické cvičenia z fyziky
|9 381532
|
| 958 |
|
|
|a OND
|
| 999 |
|
|
|c 970396
|d 972326
|
| 952 |
|
|
|a SNK
|b SNK
|y PREZ
|7 0
|p 17A0594489
|o snkSD 16094/3
|i snkKSP 3507/58
|0 0
|1 0
|4 0
|d 1996-10-02
|l 0
|r 2025-11-28 00:00:00
|w 2026-02-24
|
| 952 |
|
|
|t P60, <04>, [BOOK], {604}
|a SNK
|b SNK
|y VYP
|7 0
|o snkSD 16094/3 D1
|i snkKSP 3508/58
|0 0
|1 0
|4 0
|d 1996-10-02
|l 0
|r 2005-01-01 00:00:00
|w 2026-02-24
|